Approaches to Asian civilizations
Na minha lista:
| Autor principal: | |
|---|---|
| Formato: | Livro |
| Idioma: | Undetermined |
| Publicado em: |
New York
Columbia University Press
1964
|
| Assuntos: | |
| Tags: |
Adicionar Tag
Sem tags, seja o primeiro a adicionar uma tag!
|
| Thư viện lưu trữ: | Trung tâm Học liệu Trường Đại học Cần Thơ |
|---|
| LEADER | 00548nam a2200193Ia 4500 | ||
|---|---|---|---|
| 001 | CTU_90425 | ||
| 008 | 210402s9999 xx 000 0 und d | ||
| 082 | |a 950 | ||
| 082 | |b B296 | ||
| 100 | |a Wm. Theodore de Bary | ||
| 245 | 0 | |a Approaches to Asian civilizations | |
| 245 | 0 | |c Wm. Theodore de Bary and Ainslie T. Embree. | |
| 260 | |a New York | ||
| 260 | |b Columbia University Press | ||
| 260 | |c 1964 | ||
| 650 | |a civilization, oriental | ||
| 650 | |x congresses | ||
| 904 | |i Năm | ||
| 980 | |a Trung tâm Học liệu Trường Đại học Cần Thơ | ||